000 00324nam a2200133Ia 4500
100 _aRangan/C.S/ Sharma/G.R
942 _cBK
654 _ainstrumentation
245 _aInstrumentation devices and system
260 _bTata Mc Graw hill
_aNew Delhi
_c1987
082 _a621.381043
_bRAN
300 _a529
546 _aENGLISH
999 _c27127
_d27127